Detalles MARC
| 000 -CABECERA |
| campo de control de longitud fija |
03221nam a2200433 i 4500 |
| 003 - IDENTIFICADOR DEL NÚMERO DE CONTROL |
| campo de control |
AGN |
| 005 - FECHA Y HORA DE LA ÚLTIMA TRANSACCIÓN |
| campo de control |
20260520160041.0 |
| 007 - CAMPO FIJO DE DESCRIPCIÓN FÍSICA--INFORMACIÓN GENERAL |
| campo de control de longitud fija |
ta |
| 008 - DATOS DE LONGITUD FIJA--INFORMACIÓN GENERAL |
| campo de control de longitud fija |
260520e20172025dr ad||gro|||||| |bspa d|spa| |
| 010 ## - NÚMERO DE CONTROL DE LA BIBLIOTECA DEL CONGRESO |
| Número de control de LC |
2025 |
| 011 ## - ENLACE DEL NUMERO DE CONTROL DE LA BIBLIOTECA DEL CONGRESO [OBSOLETO] |
| Número de control de LC |
|
| 020 ## - NÚMERO INTERNACIONAL ESTÁNDAR DEL LIBRO |
| Número Internacional Estándar del Libro |
9789945251326. |
| 020 ## - NÚMERO INTERNACIONAL ESTÁNDAR DEL LIBRO |
| Número Internacional Estándar del Libro |
9789945251333. |
| 040 ## - FUENTE DE LA CATALOGACIÓN |
| Centro catalogador/agencia de origen |
AGN |
| Lengua de catalogación |
spa |
| Centro/agencia transcriptor |
DO-SdBNP |
| Normas de descripción |
rda |
| 041 ## - CÓDIGO DE LENGUA |
| Código de lengua del texto/banda sonora o título independiente |
spa |
| 082 ## - NÚMERO DE LA CLASIFICACIÓN DECIMAL DEWEY |
| Número de clasificación |
RD 306.74097293 |
| Número de edición |
P966T 2025 |
| Número de documento/Ítem |
2025 |
| 245 ## - MENCIÓN DE TÍTULO |
| Título |
La prostitución en República Dominicana durante la primera mitad del siglo XX : |
| Mención de responsabilidad, etc. |
compilación de documentos / |
| Resto del título |
coordinadora Leticia Belén Trejo Rosales. [y otros cuatro]. |
| 264 ## - PRODUCCIÓN, PUBLICACIÓN, DISTRIBUCIÓN, FABRICACIÓN Y COPYRIGHT |
| Producción, publicación, distribución, fabricación y copyright |
Santo Domingo, República Dominicana : |
| Nombre del de productor, editor, distribuidor, fabricante |
Archivo General de la Nación, |
| Fecha de producción, publicación, distribución, fabricación o copyright |
2025. |
| 300 ## - DESCRIPCIÓN FÍSICA |
| Extensión |
1 tomo : |
| Otras características físicas |
ilustraciones, gráficas ; |
| Dimensiones |
25.5 x 18 cm. |
| 336 ## - TIPO DE CONTENIDO |
| Término de tipo de contenido |
texto |
| Código de tipo de contenido |
txt |
| Fuente |
rdacontent |
| 337 ## - TIPO DE MEDIO |
| Nombre/término del tipo de medio |
sin mediación |
| Código del tipo de medio |
n |
| Fuente |
rdamedia |
| 338 ## - TIPO DE SOPORTE |
| Nombre/término del tipo de soporte |
volumen |
| Código del tipo de soporte |
nc |
| Fuente |
rdacarrier |
| 490 1# - MENCIÓN DE SERIE |
| Mención de serie |
Archivo General de la Nación ; |
| Designación de volumen o secuencia |
volúmenes 516. |
| 500 ## - NOTA GENERAL |
| Nota general |
Incluye una pequeña biografía de la autora en la solapa. |
| 505 ## - NOTA DE CONTENIDO CON FORMATO |
| Nota de contenido con formato |
Tomo I : Presentación 9 -- Introducción 11 -- 1. Prostitución estatalmente regulada 21 -- 1.1 Higienismo norteamericano 23 -- 1.2 La prostitución como asunto de Salud Pública 97 -- 1.2.1 Profilaxis social 99 -- 1.2.2 Darío Contreras 149 -- 1.3 Prostitución: ¿origen de las enfermedades venéreas? 167 -- 1.3.1 Actas por ejercicio de la prostitución clandestina 197 -- 1.3.2 Métodos para tratar las enfermedades venéreas 211 -- 1.3.2.1 Código de procedimiento sanitario, año 1920 213 -- 1.3.2.2 Código de procedimiento sanitario, año 1938 219 -- 1.3.2.3 Exámenes a prostitutas 225 -- 1.3.3 Tarjetas de salud 237 -- 1.4 Persecución Policial 241 -- 2. Cartografía de la moral 257 -- 2.1 Cartografía de la moral 259 -- 2.2 Migración del campo a la ciudad y conformación de la ciudad 337 -- 2.2.1 Trabajadoras domésticas 339 -- 2.2.2 Reformatorios 349 -- 2.2.3 Cosechas 373 -- 2.2.4 Mujeres de procedencia campesina: menores y mayores de edad 405 -- 2.3 Zona de tolerancia 421 -- 2.3.1 Zona de tolerancia 423 -- 2.3.2 Clausura de establecimientos 447 -- 2.3.3 Moralización de la ciudad: Expulsión de mujeres que ejercen la prostitución 461 |
| 590 ## - NOTA LOCAL (RLIN) |
| Nota local |
Inventariado, 2026/WG. |
| 650 ## - PUNTO DE ACCESO ADICIONAL DE MATERIA--TÉRMINO DE MATERIA |
| 9 (RLIN) |
83978 |
| Término de materia o nombre geográfico como elemento de entrada |
Prostitución |
| Subdivisión geográfica |
República Dominicana |
| 650 ## - PUNTO DE ACCESO ADICIONAL DE MATERIA--TÉRMINO DE MATERIA |
| 9 (RLIN) |
83979 |
| Término de materia o nombre geográfico como elemento de entrada |
Prostitución |
| Subdivisión general |
Historia |
| Subdivisión geográfica |
República Dominicana |
| 650 ## - PUNTO DE ACCESO ADICIONAL DE MATERIA--TÉRMINO DE MATERIA |
| 9 (RLIN) |
83980 |
| Término de materia o nombre geográfico como elemento de entrada |
Prostitución |
| Subdivisión general |
Enfoque sociocultural |
| 700 ## - PUNTO DE ACCESO ADICIONAL--NOMBRE DE PERSONA |
| 9 (RLIN) |
83983 |
| Nombre de persona |
Trejo Rosales, Leticia Belén |
| Término indicativo de función/relación |
coordinadora |
| 700 ## - PUNTO DE ACCESO ADICIONAL--NOMBRE DE PERSONA |
| Nombre de persona |
Vásquez Sena, Jorge Douglas |
| Término indicativo de función/relación |
auxiliar de investigación |
| 9 (RLIN) |
89679 |
| 700 ## - PUNTO DE ACCESO ADICIONAL--NOMBRE DE PERSONA |
| Nombre de persona |
Corporán, María |
| Término indicativo de función/relación |
auxiliar de investigación |
| 9 (RLIN) |
89680 |
| 700 ## - PUNTO DE ACCESO ADICIONAL--NOMBRE DE PERSONA |
| Nombre de persona |
Fernández Vásquez, Yahaira |
| Término indicativo de función/relación |
diagramación |
| -- |
diseño de portada |
| 9 (RLIN) |
99113 |
| 710 ## - PUNTO DE ACCESO ADICIONAL--NOMBRE DE ENTIDAD CORPORATIVA |
| Nombre de entidad corporativa o nombre de jurisdicción como elemento de entrada |
Área de Publicaciones |
| Término indicativo de función/relación |
cuidado de la edición |
| 9 (RLIN) |
89658 |
| 830 #0 - PUNTO DE ACCESO ADICIONAL DE SERIE-TÍTULO UNIFORME |
| Título uniforme |
Archivo General de la Nación ; |
| 9 (RLIN) |
89681 |
| Designación de volumen o secuencia |
volúmenes 516. |
| 856 ## - LOCALIZACIÓN Y ACCESO ELECTRÓNICOS |
| Identificador Uniforme del Recurso |
<a href="https://colecciones.agn.gob.do/opac/ficha.php?informatico=00280978PI&codopac=OP003&idpag=2057305456&presenta=digitaly2p#viajeinicial">https://colecciones.agn.gob.do/opac/ficha.php?informatico=00280978PI&codopac=OP003&idpag=2057305456&presenta=digitaly2p#viajeinicial</a> |
| Texto de enlace |
Tomo I |
| 856 ## - LOCALIZACIÓN Y ACCESO ELECTRÓNICOS |
| Identificador Uniforme del Recurso |
<a href="https://colecciones.agn.gob.do/opac/ficha.php?informatico=00280979PI&codopac=OP003&idpag=340304105&presenta=digitaly2p#viajeinicial">https://colecciones.agn.gob.do/opac/ficha.php?informatico=00280979PI&codopac=OP003&idpag=340304105&presenta=digitaly2p#viajeinicial</a> |
| Texto de enlace |
Tomo II |
| 942 ## - ELEMENTOS DE PUNTO DE ACCESO ADICIONAL (KOHA) |
| Fuente del sistema de clasificación o colocación |
Dewey Decimal Classification |
| Tipo de ítem Koha |
Libro |